00325nam a2200145Ia 45000030006000000080041000060400015000471000022000622450019000842500006001032600033001093000006001425460014001480050017001620STCL150530s9999 xx 000 0 und d aSTCLcSTCL aRaman Menon, T.K. aMadhuraswapnam a1 bP.K. Brothers; Calicutc1967 a0 aMalayalam20220125171549.0